[Event "AUTO-INT-223"]
[Site "http://www.queenalice.com/game.php?id=121809"]
[Date "2006.10.26"]
[Round "1"]
[White "king_side_rook"]
[Black "bleve"]
[Result "0-1"]
[WhiteElo "1272"]
[BlackElo "1611"]

1. e4 Nc6 2. Bb5 e5 3. Bxc6 bxc6 4. Nf3 Qe7 5. d4 d5 6. O-O Qf6 7. Re1 Bg4 8.
Bg5 Qxg5 9. Nxg5 Bxd1 10. Rxd1 Rb8 11. b3 f6 12. Ne6 Bd6 13. exd5 g5 14. dxc6
Ne7 15. dxe5 Bxe5 16. c3 Nxc6 0-1

[Event "AUTO-INT-223"]
[Site "http://www.queenalice.com/game.php?id=121811"]
[Date "2006.10.26"]
[Round "1"]
[White "king_side_rook"]
[Black "JPSD"]
[Result "1-0"]
[WhiteElo "1318"]
[BlackElo "1525"]

1. e4 d5 2. Nc3 e6 3. Nf3 Bd6 4. exd5 exd5 5. Nxd5 Be6 6. c4 c6 7. Ne3 Na6 8. d4
Qa5+ 9. Bd2 Bb4 10. a3 Bxd2+ 11. Nxd2 Nf6 12. Be2 O-O-O 13. O-O h5 14. b4 Qc7
15. b5 Nb8 16. bxc6 Qxc6 17. d5 Nxd5 18. cxd5 Bxd5 19. Rc1 g5 20. Rxc6+ Bxc6 21.
Bf3 Rd3 22. Bxc6 Nxc6 23. Qe2 Rhd8 24. Rd1 g4 25. Ne4 Rxd1+ 26. Nxd1 Re8 27. f3
f5 28. Qb5 fxe4 29. Qxh5 Rd8 30. Qxg4+ Kc7 31. Ne3 Rd4 32. fxe4 Ne5 33. Qg7+ Kd6
34. Qxb7 Nc4 35. Nxc4+ Rxc4 36. h4 Rd4 37. h5 Ke5 38. h6 Kf4 39. Qxa7 Rxe4 40.
h7 Kg3 41. Qa5 Rc4 42. Qg5+ Rg4 43. Qxg4+ Kxg4 44. h8=Q Kg5 45. a4 Kf5 46. Qe8
Kf4 47. a5 Kf5 48. a6 Kf6 49. a7 Kf5 50. a8=Q Kf6 51. Qf3+ Kg7 52. Qef7+ Kh6 53.
Q3f6# 1-0

[Event "AUTO-INT-223"]
[Site "http://www.queenalice.com/game.php?id=121812"]
[Date "2006.10.26"]
[Round "1"]
[White "JPSD"]
[Black "king_side_rook"]
[Result "1-0"]
[WhiteElo "1567"]
[BlackElo "1291"]

1. d3 e5 2. Nf3 Nc6 3. Bg5 f6 4. Bd2 d5 5. e4 dxe4 6. dxe4 Bg4 7. h3 Bxf3 8.
gxf3 Nb4 9. c3 Nd3+ 10. Bxd3 Qxd3 11. Qa4+ b5 12. Qa5 Bd6 13. Qa6 Ne7 14. Be3 f5
15. Na3 Bxa3 16. Qxa3 Qd6 17. Bc5 Qd3 18. Bxe7 fxe4 19. Bh4 Qd6 20. fxe4 O-O 21.
Qxd6 cxd6 22. Be7 Rf4 23. O-O Rxe4 24. Bxd6 Rd8 25. Rad1 Re2 26. Ba3 Rb8 27. Bd6
a5 28. Bxb8 Rxb2 29. f4 1-0

[Event "Challenge"]
[Site "http://www.queenalice.com/game.php?id=130485"]
[Date "2006.11.17"]
[Round "-"]
[White "Archer"]
[Black "king_side_rook"]
[Result "1-0"]
[WhiteElo "1415"]
[BlackElo "1303"]

1. e3 e5 2. Qh5 Nf6 3. Qxe5+ Qe7 4. Qxc7 Na6 5. Qa5 Qb4 6. Qe5+ Be7 7. Nf3 d6 8.
Qb5+ Bd7 9. Qd3 O-O 10. a3 Qe4 11. Nc3 Qxd3 12. Bxd3 d5 13. O-O Rac8 14. Nb5 1-0

[Event "AUTO-INT-252"]
[Site "http://www.queenalice.com/game.php?id=132328"]
[Date "2006.11.22"]
[Round "1"]
[White "felomeno"]
[Black "king_side_rook"]
[Result "1-0"]
[WhiteElo "1570"]
[BlackElo "1322"]

1. e3 d5 2. c3 Nc6 3. Bb5 a6 4. Qa4 Bd7 5. Be2 e5 6. h4 b5 7. Qd1 d4 8. Nf3 Bd6
9. cxd4 exd4 10. exd4 Nf6 11. Qb3 O-O 12. d5 Na5 13. Qc2 Re8 14. Ng5 Bg4 15. f3
h6 16. fxg4 hxg5 17. hxg5 Nxd5 18. Qh7+ Kf8 19. Qh8+ Ke7 20. Qxg7 Bg3+ 21. Kf1
Rg8 22. Qd4 Nf4 23. Qe3+ Kf8 24. Qxg3 Qxg5 25. Nc3 Nxe2 26. Nxe2 Qxg4 27. Qa3+
Kg7 28. Qxa5 Kf6 29. Qc3+ Ke7 30. Qe5+ Kf8 31. Qd5 Qxg2+ 32. Qxg2 1-0

[Event "AUTO-INT-252"]
[Site "http://www.queenalice.com/game.php?id=132329"]
[Date "2006.11.22"]
[Round "1"]
[White "king_side_rook"]
[Black "felomeno"]
[Result "0-1"]
[WhiteElo "1297"]
[BlackElo "1590"]

1. e4 e6 2. Nf3 c6 3. d4 a5 4. Bd3 h6 5. Ne5 a4 6. O-O h5 7. Re1 h4 8. h3 d6 9.
Nc4 d5 10. exd5 g5 11. dxe6 fxe6 12. c3 b5 13. Bg6+ Kd7 14. Re5 Bg7 15. Ne3 Bxe5
16. dxe5+ Kc7 17. Qd6+ Qxd6 18. exd6+ Kxd6 19. b4 e5 20. c4 Na6 21. Nf5+ Bxf5
22. Bxf5 Nh6 23. g4 bxc4 24. Bxg5 Nf7 25. f4 Nxb4 26. fxe5+ Nxe5 27. Bf6 Rhe8
28. Nc3 Nf3+ 29. Kf2 Nd2 30. Rd1 Nd3+ 31. Bxd3 Rf8 32. g5 Ra5 0-1

[Event "AUTO-INT-252"]
[Site "http://www.queenalice.com/game.php?id=132340"]
[Date "2006.11.22"]
[Round "1"]
[White "J_Ricardo"]
[Black "king_side_rook"]
[Result "1-0"]
[WhiteElo "1625"]
[BlackElo "1308"]

1. e4 e5 2. Nf3 Nf6 3. d3 Nc6 4. a3 d5 5. Bg5 Be7 6. b4 dxe4 7. dxe4 Nxe4 8. Be3
Qxd1+ 9. Kxd1 O-O 10. Bd3 Bf5 11. Nbd2 Nxd2 12. Kxd2 Nd4 13. Nxe5 Bxd3 14. Bxd4
Be4 15. f3 Rad8 16. Rhe1 Rxd4+ 17. Ke3 Bg5+ 18. Kxd4 Bxc2 19. Nd7 Rd8 20. Kc3 h6
21. Kxc2 Rxd7 22. g3 Rd2+ 23. Kb3 Rxh2 24. f4 Bf6 25. Rac1 Rb2+ 26. Ka4 a6 27.
Rxc7 b5+ 28. Ka5 Bd8 29. Re8+ Kh7 30. Rxd8 f6 31. f5 h5 32. Rdd7 Kh6 33. Rxg7
Rb3 34. Rh7+ Kg5 35. Rcg7+ Kxf5 36. Rxh5+ Ke6 37. Ra7 Rxg3 38. Rxa6+ Kf7 39. Rh6
Kg7 40. Raxf6 Rxa3+ 41. Kxb5 Ra7 42. Kb6 Re7 43. Rhg6+ Kh7 44. b5 Rd7 45. Kc6
Re7 46. Rg2 Rg7 47. Rh2+ Kg8 48. b6 Rf7 49. Rxf7 Kxf7 50. b7 Ke6 51. b8=Q Ke7
52. Rh6 1-0

[Event "AUTO-INT-252"]
[Site "http://www.queenalice.com/game.php?id=132341"]
[Date "2006.11.22"]
[Round "1"]
[White "king_side_rook"]
[Black "J_Ricardo"]
[Result "1-0"]
[WhiteElo "1261"]
[BlackElo "1620"]

1. e4 e5 2. Nf3 d6 3. d4 Bg4 4. h3 Bxf3 5. Qxf3 a6 6. dxe5 dxe5 7. Bc4 Nf6 8.
O-O c6 9. Rd1 Qe7 10. Bg5 h6 11. Bxf6 gxf6 12. Qa3 c5 13. Nc3 Nc6 14. Nd5 Qd7
15. Nxf6+ Ke7 16. Rxd7+ Kxf6 17. Rxf7+ Kg6 18. Qg3+ Kh5 19. Qg4# 1-0

[Event "AUTO-INT-252"]
[Site "http://www.queenalice.com/game.php?id=132348"]
[Date "2006.11.22"]
[Round "1"]
[White "king_side_rook"]
[Black "toxoq"]
[Result "1-0"]
[WhiteElo "1292"]
[BlackElo "1184"]

1. e4 c5 2. Nf3 Nc6 3. Bb5 Nf6 4. Bxc6 bxc6 5. O-O Ba6 6. Re1 e5 7. Nxe5 d6 8.
Nxc6 Qb6 9. e5 Ne4 10. Rxe4 Qxc6 11. Qe1 Bb7 12. exd6+ 1-0

[Event "AUTO-INT-252"]
[Site "http://www.queenalice.com/game.php?id=132349"]
[Date "2006.11.22"]
[Round "1"]
[White "toxoq"]
[Black "king_side_rook"]
[Result "0-1"]
[WhiteElo "1234"]
[BlackElo "1291"]

1. Nf3 b5 2. d4 Nf6 3. Bg5 d5 4. e3 Bg4 5. h3 Bxf3 6. Qxf3 Ne4 7. Bf4 Nc6 8.
Bxb5 g5 9. Bxc6+ Qd7 10. Bxd7+ Kxd7 11. Bxg5 f6 0-1

[Event "AUTO-BEG-42"]
[Site "http://www.queenalice.com/game.php?id=132520"]
[Date "2006.11.22"]
[Round "1"]
[White "carlosot"]
[Black "king_side_rook"]
[Result "1-0"]
[WhiteElo "1368"]
[BlackElo "1297"]

1. d4 d5 2. Nf3 Nf6 3. e3 e6 4. Bd3 c5 5. b3 Nc6 6. Bb2 cxd4 7. exd4 Ne4 8. Nbd2
Nxd2 9. Qxd2 Bb4 10. c3 Bd6 11. O-O Qc7 12. Rac1 O-O 13. Qe2 Bf4 14. c4 1-0

[Event "AUTO-BEG-42"]
[Site "http://www.queenalice.com/game.php?id=132521"]
[Date "2006.11.22"]
[Round "1"]
[White "king_side_rook"]
[Black "carlosot"]
[Result "0-1"]
[WhiteElo "1284"]
[BlackElo "1381"]

1. e4 d5 2. Nc3 d4 3. Nd5 e5 4. Nf3 Nc6 5. Bb5 a6 6. Bxc6+ bxc6 7. Nb4 Bxb4 8.
c3 dxc3 9. bxc3 Ba5 10. Nxe5 Qg5 11. Nf3 Qb5 12. d4 Bxc3+ 13. Bd2 Bxd2+ 0-1

[Event "AUTO-BEG-42"]
[Site "http://www.queenalice.com/game.php?id=132532"]
[Date "2006.11.22"]
[Round "1"]
[White "socramc"]
[Black "king_side_rook"]
[Result "1-0"]
[WhiteElo "1338"]
[BlackElo "1314"]

1. e4 Nf6 2. e5 Ng4 3. Qxg4 d6 4. Qa4+ Bd7 5. Qb3 dxe5 6. Bb5 c6 7. Bc4 Be6 8.
Bxe6 fxe6 9. Qxe6 Qd6 10. Qxd6 exd6 11. Nc3 c5 12. d3 Nc6 13. Nd5 1-0

[Event "AUTO-BEG-42"]
[Site "http://www.queenalice.com/game.php?id=132533"]
[Date "2006.11.22"]
[Round "1"]
[White "king_side_rook"]
[Black "socramc"]
[Result "0-1"]
[WhiteElo "1304"]
[BlackElo "1421"]

1. e4 e5 2. Nf3 d6 3. d4 Bg4 4. dxe5 Bxf3 5. Qxf3 dxe5 6. Bc4 Nf6 7. Bg5 Be7 8.
O-O O-O 9. Bxf6 Bxf6 10. Rd1 Qe7 11. Nc3 a6 12. Nd5 Qe6 13. b3 b5 14. Nxf6+ Qxf6
15. Bd3 Nc6 16. Qxf6 gxf6 17. c4 bxc4 18. Bxc4 a5 19. Rd3 Kh8 20. Rf3 a4 21.
Rxf6 Nd8 22. Bd5 Ra5 23. Bc6 axb3 24. a3 Ra6 25. Rc1 b2 26. Rd1 Nxc6 27. Rd7
b1=Q+ 28. Rd1 Qxd1# 0-1

[Event "AUTO-BEG-42"]
[Site "http://www.queenalice.com/game.php?id=132538"]
[Date "2006.11.22"]
[Round "1"]
[White "debia"]
[Black "king_side_rook"]
[Result "1-0"]
[WhiteElo "1387"]
[BlackElo "1305"]

1. g3 Nf6 2. d4 d5 3. f3 e6 4. c3 c5 5. Bh3 c4 6. Bg5 e5 7. dxe5 Bxh3 8. Nxh3 h6
9. exf6 hxg5 10. Nxg5 gxf6 11. Ne4 dxe4 12. Qa4+ Qd7 13. Qxc4 exf3 14. Qe4+ Qe7
15. Qxf3 Qe5 16. Nd2 a5 17. Qxb7 Ra6 18. Qc8+ Ke7 19. Nc4 Qe6 20. Qc5+ Ke8 21.
Qb5+ Qd7 22. Qxb8+ Ke7 23. Ne5 Qd6 24. Qb7+ Kd8 25. Nxf7+ 1-0

[Event "AUTO-BEG-42"]
[Site "http://www.queenalice.com/game.php?id=132539"]
[Date "2006.11.22"]
[Round "1"]
[White "king_side_rook"]
[Black "debia"]
[Result "1-0"]
[WhiteElo "1293"]
[BlackElo "1514"]

1. e4 g6 2. Nf3 d6 3. Bb5+ c6 4. Ba4 Bg4 5. O-O b5 6. h3 Bxf3 7. Qxf3 bxa4 8.
Nc3 h5 9. Re1 Bg7 10. b3 axb3 11. axb3 a6 12. Bb2 Bh6 13. e5 Bxd2 14. Re2 Bg5
15. exd6 Qxd6 16. Ba3 Qc7 17. Ne4 Bf4 18. g3 Be5 19. Rd1 Nd7 20. Ng5 Nh6 21.
Rde1 f6 22. Ne6 Qa5 23. Qxc6 Kf7 24. f4 Qb6+ 25. Qxb6 Nxb6 26. fxe5 Kxe6 27.
exf6+ Kd5 28. fxe7 Rhe8 29. Re5+ Kd4 30. R1e4+ Kc3 31. Bb4+ Kxc2 32. Rc5+ Kxb3
33. Bd2 Nc8 34. Rc3+ Kb2 35. Rb4+ Ka2 36. Bxh6 Rxe7 37. Bc1 Re1+ 38. Kf2 Re5 39.
Ra3# 1-0

[Event "AUTO-INT-351"]
[Site "http://www.queenalice.com/game.php?id=170727"]
[Date "2007.2.18"]
[Round "1"]
[White "king_side_rook"]
[Black "Milton"]
[Result "0-1"]
[WhiteElo "1316"]
[BlackElo "1527"]

1. e4 e5 2. Nf3 Nc6 3. Bb5 Nge7 4. Bxc6 Nxc6 5. O-O Bc5 6. Re1 Qf6 7. d3 Nd4 8.
Bg5 Nxf3+ 9. Qxf3 Qxg5 10. Qf5 Qxf5 11. exf5 d6 12. c3 Bxf5 13. d4 Bb6 14. dxe5
O-O 15. exd6 cxd6 16. Re7 Rae8 17. Rxe8 Rxe8 18. Nd2 Re2 19. g3 Rxd2 20. Re1 h6
0-1

[Event "AUTO-INT-351"]
[Site "http://www.queenalice.com/game.php?id=170728"]
[Date "2007.2.18"]
[Round "1"]
[White "Milton"]
[Black "king_side_rook"]
[Result "1-0"]
[WhiteElo "1494"]
[BlackElo "1334"]

1. e4 d5 2. exd5 Qxd5 3. Nc3 Qc6 4. Bb5 Qd7 5. Bxd7+ Bxd7 6. Nf3 Nc6 7. Nd5
O-O-O 8. d4 Bg4 9. Nc3 Bxf3 10. Qxf3 Nxd4 11. Qg4+ e6 12. O-O Nxc2 13. Rb1 f5
14. Qe2 Nd4 15. Qe5 Rd5 16. Nxd5 Bd6 17. Qxd4 exd5 18. Qxg7 1-0

[Event "AUTO-INT-351"]
[Site "http://www.queenalice.com/game.php?id=170729"]
[Date "2007.2.18"]
[Round "1"]
[White "king_side_rook"]
[Black "aormic"]
[Result "0-1"]
[WhiteElo "1305"]
[BlackElo "1565"]

1. e4 d5 2. d3 c6 3. Nf3 dxe4 4. dxe4 Qxd1+ 5. Kxd1 Bg4 6. Be2 Nd7 7. h3 Bxf3 8.
Bxf3 Ngf6 9. Nc3 e5 10. Bg4 Bc5 11. Bxd7+ Nxd7 12. Na4 Bxf2 13. Rf1 Bh4 14. Be3
O-O-O 15. Rxf7 Nc5+ 16. Ke2 Nxa4 17. b3 Nc3+ 18. Kf3 Rhf8 0-1

[Event "AUTO-INT-351"]
[Site "http://www.queenalice.com/game.php?id=170730"]
[Date "2007.2.18"]
[Round "1"]
[White "aormic"]
[Black "king_side_rook"]
[Result "1-0"]
[WhiteElo "1539"]
[BlackElo "1342"]

1. c4 d5 2. cxd5 Qxd5 3. Nc3 Qf5 4. e4 Qe5 5. Nf3 Qh5 6. d4 Bg4 7. Be2 e6 8. Qb3
f5 9. Qxb7 c6 10. Qxa8 Bb4 11. Qxb8+ Kf7 12. Qxb4 fxe4 13. Ne5+ Kf6 14. Qf8+ Qf7
15. Qxf7# 1-0